000 00719nam a2200181Ia 4500
008 100921s9999 xx 000 0 und d
082 _b4963
_a550 थ 62
100 _aसोवनी प्र.वि.
245 _aपृथ्वीची कथा.
260 _bबहि:शाल शिक्षण ग्रंथमाला,पुणे विद्यापीठ,पुणे.
_c1962
300 _a15
_b---
365 _b0.15
520 _aविज्ञान-भौमिक शास्त्रे.
630 _aपृथ्वीची कथा.
650 _aविज्ञान-भौमिक शास्त्रे.
730 _aपृथ्वीची कथा.
942 _cBOOK
999 _c754076
_d754073